| 000 | 02069cam a2200385 a 4500 | ||
|---|---|---|---|
| 001 | 14628338 | ||
| 003 | ARRUPE | ||
| 005 | 20131219163323.0 | ||
| 008 | 061108s2007 flub b 001 0 eng | ||
| 010 | _a 2006037389 | ||
| 020 | _a9780151013029 | ||
| 020 | _a0151013020 | ||
| 035 | _a(OCoLC)ocm76167329 | ||
| 035 | _a(OCoLC)76167329 | ||
| 040 |
_aDLC _cDLC _dYDX _dBAKER _dBTCTA _dOCO _dYDXCP _dGK8 _dVP@ _dDLC |
||
| 043 | _acc----- | ||
| 050 | 0 | 0 |
_aF2161 _b.W56 2007 |
| 082 | 0 | 0 |
_a910.4/5 _222 |
| 100 | 1 |
_aWoodard, Colin, _d1968- _96090 |
|
| 245 | 1 | 4 |
_aThe republic of pirates : _bbeing the true and surprising story of the Caribbean pirates and the man who brought them down / _cColin Woodard. |
| 250 | _a1st ed. | ||
| 260 |
_aOrlando : _bHarcourt, _cc2007. |
||
| 300 |
_a383 p. : _bmap ; _c24 cm. |
||
| 504 | _aIncludes bibliographical references and index. | ||
| 505 | 0 | _aPrologue : the golden age of piracy -- The legend (1696) -- Going to sea (1697-1702) -- War (1702-1712) -- Peace (1713-1715) -- Pirates gather (January-June 1716) -- Brethren of the coast (June 1716-March 1717) -- Bellamy (March-May 1717) -- Blackbeard (May-December 1717) -- Begging pardon (December 1717-July 1718) -- Brinksmanship (July-September 1718) -- Hunted (September-March 1720) -- Epilogue : piracy's end (1720-1732). | |
| 650 | 0 |
_aBuccaneers _xHistory _y18th century. _96091 |
|
| 650 | 0 |
_aPirates _zCaribbean Area _xHistory _y18th century. _96092 |
|
| 856 | 4 | 1 |
_3Table of contents only _uhttp://www.loc.gov/catdir/toc/ecip074/2006037389.html |
| 856 | 4 | 2 |
_3Contributor biographical information _uhttp://www.loc.gov/catdir/enhancements/fy0730/2006037389-b.html |
| 856 | 4 | 2 |
_3Publisher description _uhttp://www.loc.gov/catdir/enhancements/fy0730/2006037389-d.html |
| 856 | 4 | 1 |
_3Sample text _uhttp://www.loc.gov/catdir/enhancements/fy0730/2006037389-s.html |
| 906 |
_a7 _bcbc _corignew _d1 _eecip _f20 _gy-gencatlg |
||
| 942 |
_2lcc _cMONOGRAPH |
||
| 999 |
_c119391 _d119391 |
||